000 01012naa a22003017a 4500
001 BR6006714
003 BR-BrBNA
005 20240918172916.0
007 ta
008 230509b bl.||||| |||| 00| 0 por d
040 _aBR-BrBNA
_bpor
_cBiblioteca Nacional de Agricultura
041 _a(Pt)
072 _aP12; E10
_b/G514
090 _aP12 BR6006714
100 1 _aCarvalho, J.F.
111 1 _a1. Seminario Nacional de Irrigacao
_cRecife, PE (Brazil)
_d8 Dec 1968
245 1 _aIrrigacao no 4. Plano Diretor [Nordeste; Brasil]
260 3 _aRecife, PE (Brasil):
_c1969.
500 _a1. Seminario Nacional de Irrigacao Recife, PE (Brasil): 1969. v. 1 p. 27-48 (BR6006714-AM)P12
650 _aIrrigacao
650 _aMacroeconomia
650 _aProjeto de desenvolvimento
650 _aFinanciamento
650 _aNordeste
773 0 _t1. Seminario Nacional de Irrigacao
_wP12 BR6006714
_gRecife, PE (Brasil), 1969. v. 1 p. 27-48
909 _a202404
_bLucia
_c55
_dLucia Elande
942 _cAM
_2AGRIS
999 _c302023
_d302023